000 00750nam a22002417a 4500
003 DO-SdBNP
005 20221024115716.0
007 ta
008 211126b2019 dr ||||| |||| 00| p spa d
020 _a 9789945089530
040 _aDO-SdBNP
_bspa
_cBNPHU
082 4 _aRD861.44
_bM516e
_222
100 1 _aMejía, Amable
_d1959-
_96577
245 1 0 _aEl otro cielo /
_cAmable Mejía.
260 _aSanto Domingo :
_bDragón Editorial,
_c2019.
300 _a52 p. ;
_c22 cm.
500 _aIncluye datos biográficos del autor en la solapa de la cubierta.
590 _aInventariado, 2021 /LP
650 4 _aPoesía dominicana
650 4 _aLiteratura dominicana
910 _aLopérez./Validado. Control de calidad MFF
942 _2ddc
_cLBS1
999 _c51055
_d51055